<?xml version="1.0" encoding="UTF-8"?>
<collection xmlns="http://www.loc.gov/MARC21/slim">
    <record>
        <controlfield tag="001">78632</controlfield>
        <controlfield tag="005">20190326115354.0</controlfield>
        <datafield tag="037" ind1=" " ind2=" ">
            <subfield code="a">TAZ-TFG-2018-4370</subfield>
        </datafield>
        <datafield tag="041" ind1=" " ind2=" ">
            <subfield code="a">spa</subfield>
        </datafield>
        <datafield tag="100" ind1="1" ind2=" ">
            <subfield code="a">Latorre Molins, Álvaro Tomás</subfield>
        </datafield>
        <datafield tag="242" ind1="0" ind2="0">
            <subfield code="a">Finite element analysis of the influence of plaque and lipid core lengths on vulnerability of positive atheroma plaque morphologies</subfield>
        </datafield>
        <datafield tag="245" ind1="0" ind2="0">
            <subfield code="a">Análisis mecánico por elementos finitos de la influencia de la longitud de la placa y el lípido en el diagnóstico de placas de ateroma en crecimiento positivo</subfield>
        </datafield>
        <datafield tag="260" ind1=" " ind2=" ">
            <subfield code="a">Zaragoza</subfield>
            <subfield code="b">Universidad de Zaragoza</subfield>
            <subfield code="c">2018</subfield>
        </datafield>
        <datafield tag="500" ind1=" " ind2=" ">
            <subfield code="a">Resumen disponible también en inglés.</subfield>
        </datafield>
        <datafield tag="506" ind1=" " ind2=" ">
            <subfield code="a">by-nc-sa</subfield>
            <subfield code="b">Creative Commons</subfield>
            <subfield code="c">3.0</subfield>
            <subfield code="u">http://creativecommons.org/licenses/by-nc-sa/3.0/</subfield>
        </datafield>
        <datafield tag="520" ind1=" " ind2=" ">
            <subfield code="a">La aterosclerosis es la principal causa de muerte en la actualidad, y sus cifras van en aumento. Esta enfermedad consiste en la deposición de lípidos dentro de las paredes arteriales, lo que provoca inflamación y forma un núcleo lipídico rodeado de una placa ateromatosa cuya función es evitar que el núcleo entre en contacto con el torrente sanguíneo ya que, si esto ocurre, se desencadena un trombo que puede ocluir el flujo sanguíneo. Puede acontecer que en lugar de una ruptura de la placa, esta aumente de tal forma que acabe ocluyendo la luz arterial. En este proyecto se estudia la influencia de las longitudes de placa y de núcleo lipídico en la ruptura de la placa. Además, se analiza la potencialidad de la segmentación de las diferentes partes de la arteria con placa de ateroma a partir de imagen médica, mediante la medición de las deformaciones tangenciales. Este punto puede ser de ayuda en el análisis médico de esta enfermedad mediante técnicas de imagen habituales en la práctica clínica. Para la realización del estudio se han creado modelos 3D con propiedades y condiciones de contorno que simulan la arteria coronaria. Tras ello se han obtenido los resultados en tensiones y deformaciones. En el análisis de los resultados se observa una mayor vulnerabilidad en el codo de lesión (zona de los extremos del núcleo lipídico) respecto a la zona de estenosis máxima (zona de mayor volumen del núcleo lipídico) dónde los valores de tensiones son menores y se mantienen constantes para las diferentes longitudes. Los valores máximos de tensión en el codo dependen fuertemente de las longitudes analizadas, corroborando así la importancia de usar modelos tridimensionales frente a bidimensionales, ya que en estos últimos esta variable no se considera. Por último, cabe destacar la óptima visualización de la segmentación de las partes de la placa de ateroma tras analizar las deformaciones tangenciales en diferentes planos y la representación del índice de anisotropía, lo que puede ser un paso adelante a la hora de la pronta detección de placas en pacientes asintomáticos.</subfield>
        </datafield>
        <datafield tag="521" ind1=" " ind2=" ">
            <subfield code="a">Graduado en Ingeniería Mecánica</subfield>
        </datafield>
        <datafield tag="540" ind1=" " ind2=" ">
            <subfield code="a">Derechos regulados por licencia Creative Commons</subfield>
        </datafield>
        <datafield tag="700" ind1=" " ind2=" ">
            <subfield code="a">Peña Baquedano, Estefanía</subfield>
            <subfield code="e">dir.</subfield>
        </datafield>
        <datafield tag="700" ind1=" " ind2=" ">
            <subfield code="a">Cilla Hernández, Myriam</subfield>
            <subfield code="e">dir.</subfield>
        </datafield>
        <datafield tag="710" ind1="2" ind2=" ">
            <subfield code="a">Universidad de Zaragoza</subfield>
            <subfield code="b">Ingeniería Mecánica</subfield>
            <subfield code="c">Mec. de Medios Contínuos y Teor. de Estructuras</subfield>
        </datafield>
        <datafield tag="856" ind1="0" ind2=" ">
            <subfield code="f">700625@celes.unizar.es</subfield>
        </datafield>
        <datafield tag="856" ind1="4" ind2=" ">
            <subfield code="s">17387843</subfield>
            <subfield code="u">http://zaguan.unizar.es/record/78632/files/TAZ-TFG-2018-4370_ANE.pdf</subfield>
            <subfield code="y">Anexos (spa)</subfield>
        </datafield>
        <datafield tag="856" ind1="4" ind2=" ">
            <subfield code="s">3185717</subfield>
            <subfield code="u">http://zaguan.unizar.es/record/78632/files/TAZ-TFG-2018-4370.pdf</subfield>
            <subfield code="y">Memoria (spa)</subfield>
        </datafield>
        <datafield tag="909" ind1="C" ind2="O">
            <subfield code="o">oai:zaguan.unizar.es:78632</subfield>
            <subfield code="p">driver</subfield>
            <subfield code="p">trabajos-fin-grado</subfield>
        </datafield>
        <datafield tag="950" ind1=" " ind2=" ">
            <subfield code="a"></subfield>
        </datafield>
        <datafield tag="951" ind1=" " ind2=" ">
            <subfield code="a">deposita:2019-03-26</subfield>
        </datafield>
        <datafield tag="980" ind1=" " ind2=" ">
            <subfield code="a">TAZ</subfield>
            <subfield code="b">TFG</subfield>
            <subfield code="c">EINA</subfield>
        </datafield>
        <datafield tag="999" ind1=" " ind2=" ">
            <subfield code="a">20181119182346.CREATION_DATE</subfield>
        </datafield>
    </record>

    
</collection>